| 000 | 00536nam a22001817a 4500 | ||
|---|---|---|---|
| 003 | OSt | ||
| 005 | 20130410111103.0 | ||
| 008 | 130410s2011 sp ||||| |||| 00| 0 cat d | ||
| 020 | _a9788492294473 | ||
| 040 | _cCDMR | ||
| 100 | 1 |
_93126 _aRius i Solé, Jaume |
|
| 245 | 1 | 4 |
_aEls secrets de La Teva _b: 27 anys d'esports _cJaume Rius i Solé ; Juanma García Escobar, il·lustracions |
| 250 | _a1a ed. | ||
| 260 |
_aBarcelona _bEd. Rius i Solé _c2011 |
||
| 300 |
_a319 p. _bil. |
||
| 650 | 0 | 4 |
_93127 _aTelevisió _zCatalunya |
| 942 |
_2udc _cMON |
||
| 999 |
_c6078 _d6078 |
||